00660 a2200253 4500260001400000630002200014650003500036100002700071440000700098260001500105300001100120245006100131650002400192650002800216650003200244300001000276100000700286037001100293037000900304037001100313440003700324250002700361020001800388 aBruxelles a159 - Psychologie a1 - PHILOSOPHIE ET PSYCHOLOGIE aReymond-rivier, Berthe n11 bP. Mardaga a301 p. aLe Développement social de l'enfant et de l'adolescent aPsychologie sociale aPsychologie de l'enfant aPsychologie de l'adolescent b19 cm lFr aL 7041 a7044 aL 5924 aPsychologie et sciences humaines a11e éd. rev. et aug. a2-87009-011-0